Statystyki dla Stany USA

Kliknij tutaj aby rozwiązać quiz!

Ogólne statystyki

  • Ten quiz został rozwiązany 36 razy
  • Średni wynik to 34 z 50

Odpowiedzi na mapie

Odpowiedzi skodowane kolorowo w zielono-czerwonej skali na mapie do tego quizu, zgodnie z poniższymi procentami.
 

Statystyki odpowiedzi

Stan% Poprawnych
Floryda
91%
Kalifornia
91%
Alaska
88%
Nowy Jork
88%
Teksas
88%
Waszyngton
84%
Hawaje
81%
Nevada
81%
Arizona
78%
Karolina Północna
78%
Karolina Południowa
78%
Nowy Meksyk
78%
Ohio
75%
Alabama
72%
Dakota Północna
72%
Dakota Południowa
72%
Kentucky
72%
Minnesota
72%
Missisipi
72%
Pensylwania
72%
Utah
72%
Georgia
69%
Illinois
69%
Kolorado
69%
Luizjana
69%
Wirginia
69%
Idaho
66%
Missouri
66%
Montana
66%
Nebraska
66%
New Jersey
63%
Oregon
63%
Rhode Island
63%
Vermont
63%
Delaware
59%
Indiana
59%
Kansas
59%
Maine
59%
Oklahoma
59%
Wirginia Zachodnia
59%
Arkansas
56%
Iowa
56%
Michigan
56%
Wyoming
56%
Maryland
53%
Massachusetts
53%
New Hampshire
53%
Tennessee
53%
Wisconsin
53%
Connecticut
50%

Rozkład punktacji

Percentyl według liczby udzielonych odpowiedzi

Procent ludzi z każdym wynikiem

Twoja historia wyników

Nie rozwiązałeś tego quizu